00507nam a22001457a 450000500170000000800410001702000150005808200200007310000240009324500510011725000080016826000300017630000260020650001290023220250213005657.0250213b |||||||| |||| 00| 0 eng d a8170131405 222a954.93bCEY aSilva, DE R. Colvin aCeylon under the British Occupationb1795-1833 a3rd aNew DelhibNavarangc1953 axi, 341 p ., ( V - 1) aThis book is an attempt to present a reasonably detailed and accurate account of the early period of British rule in Ceylon.